Tecnología eléctrica

Gespeichert in:
Bibliographische Detailangaben
Hauptverfasser: Guirado Torres, Rafael (VerfasserIn), Asensi Orosa, Rafael (VerfasserIn), Jurado Melguizo, Francisco (VerfasserIn), Carpio Ibañez, José (VerfasserIn)
Format: Buch
Sprache:Spanisch
Veröffentlicht: Madrid McGraw-Hill 2006
Schlagworte:
Tags: Tag hinzufügen
Keine Tags, Fügen Sie den ersten Tag hinzu!

MARC

LEADER 00000nam a2200000 a 4500
001 UCI3147
003 CL-VaPUC
008 071012e20060000SP |||||||||||||||||spa|d
020 |a 844814807X 
082 0 4 |a 621.317  |b GUI  |2 21 
100 0 |a Guirado Torres, Rafael  |e author  |9 524544 
700 0 |a Asensi Orosa, Rafael  |e author  |9 524545 
700 0 |a Jurado Melguizo, Francisco  |e author  |9 524546 
700 0 |a Carpio Ibañez, José  |e author  |9 524547 
245 1 0 |a Tecnología eléctrica 
300 |a 394 p 
942 |c BK 
945 |d 20071012 00:00:00  |a jtorresc 
260 |a Madrid  |b McGraw-Hill  |c 2006 
650 7 |a TECNOLOGIA ELECTRICA  |2 CL-VaPUC  |9 336952 
650 7 |a CONVERTIDORES ELECTRICOS  |2 CL-VaPUC  |9 345464 
650 0 |a Corriente alterna   |9 260070 
650 7 |a POTENCIA ELECTRICA  |2 CL-VaPUC  |9 345463 
650 0 |a Energía eléctrica  |9 256678 
650 0 |a Normas de mantenimiento  |9 363008 
650 7 |a GENERADORES ELECTRICOS  |2 CL-VaPUC  |9 524548 
583 |a last modification  |c 20071012 00:00:00  |k Rodrigo Vera 
999 |c 327520  |d 327518 
952 |0 0  |1 0  |4 0  |6 621_317000000000000_GUI_2006  |7 0  |8 A  |9 410422  |a BIBING  |b BIBING  |d 2019-11-22  |i 4375459  |o 621.317 GUI 2006  |p 4375459  |r 2023-03-02  |w 2019-11-22  |y BK  |k EIE